Joueurs par photo - Ligue 1 (2018-19) - Statistiques

Statistiques générales
  • Ce quiz a été pris 108 fois
  • Le résultat moyen est 9 sur 20
Statistiques - réponses
Par images Réponse % Correct
Lassana Diarra
92%
Rolando
90%
Enzo Crivelli
81%
Lucas Tousart
81%
Wylan Cyprien
65%
Corentin Jean
62%
Elyess Skhiri
51%
Medhi Zeffane
48%
Nacer Chadli
45%
Pierre-Yves Polomat
40%
Anthony Gonçalves
39%
Lucas Lima
35%
Younousse Sankharé
34%
Cheikh N'Doye
28%
Ganso
27%
Youssouf Koné
27%
Lebogang Phiri
18%
Pablo Chavarria
12%
Théo Valls
8%
Cédric Yambere
2%
Aucun quiz correspondant
Distribution des résultats
% des personnes avec chaque résultat
Percentile par nombre de réponses
Votre historique - résultats
Vous n’avez pas pris ce quiz